| 000 | 00351nam a2200145Ia 4500 | ||
|---|---|---|---|
| 008 | 220204s9999 xx 000 0 und d | ||
| 082 |
_a630 _bCOL |
||
| 100 | _aCOLLINS, B McManus | ||
| 245 | 0 | _aElementary forestry | |
| 260 |
_aVirginia _bReston _c1981 |
||
| 650 | _aCommercial trees | ||
| 650 | _aForestry | ||
| 700 | _aWHITE, Fred M | ||
| 942 | _cBK | ||
| 999 |
_c40072 _d40072 |
||